LEADER 01160nam--2200361---450- 001 990002014360203316 005 20060919153017.0 010 $a88-86842-97-X 035 $a000201436 035 $aUSA01000201436 035 $a(ALEPH)000201436USA01 035 $a000201436 100 $a20040920h2005----km-y0itaa50------ba 101 0 $aita 102 $aIT 105 $aa|||z|||001yy 200 1 $aRiviste d'arte d'avanguardia$eesoeditoria negli anni Sessanta e Settanta in Italia$fGiorgio Maffei, Patrizio Peterlini$gcon la collaborazione di Marco Bazzini 210 $aMilano$cSylvestre Bonnard$dcopyr. 2005 215 $a173 p.$cill.$d24 cm 606 0 $aArte$yItalia$z1960-1980$xPeriodici 676 $a016.70945 700 1$aMAFFEI,$bGiorgio$0566323 701 1$aPETERLINI,$bPatrizio$0566324 702 1$aBAZZINI,$bMarco 801 0$aIT$bsalbc$gISBD 912 $a990002014360203316 951 $aI.2.C. 238$b188183 L.M.$cI.2.$d00118458 959 $aBK 969 $aUMA 979 $aMARIA$b10$c20040920$lUSA01$h1113 979 $aANNAMARIA$b90$c20060919$lUSA01$h1530 996 $aRiviste d'arte d'avanguardia$91041169 997 $aUNISA LEADER 03256oam 2200733M 450 001 9910716119003321 005 20200213070936.4 035 $a(CKB)5470000002518928 035 $a(OCoLC)1065616736 035 $a(OCoLC)995470000002518928 035 $a(EXLCZ)995470000002518928 100 $a20071213d1926 ua 0 101 0 $aeng 135 $aurcn||||||||| 181 $ctxt$2rdacontent 182 $cc$2rdamedia 183 $acr$2rdacarrier 200 10$aInquiry into operations, policies, and affairs of United States Shipping Board and Emergency Fleet Corporation. Report of the Select Committee of Inquiry into operations, policies and affairs and United States Shipping Board and Emergency Fleet Corporation, House of Representatives Sixty-eighth Congress. Under authority of H. Res. 186, adopted March 4, 1924, and H. Res. 212, adopted March 18, 1924, Sixty-eighth Congress 210 1$a[Washington, D.C.] :$c[U.S. Government Printing Office],$d1926. 215 $a1 online resource (64 pages)$ctables 225 1 $aHouse report / 69th Congress, 1st session. House ;$vno. 2 225 1 $a[United States congressional serial set] ;$v[serial no. 8535] 300 $aBatch processed record: Metadata reviewed, not verified. Some fields updated by batch processes. 300 $aFDLP item number not assigned. 606 $aCompetition 606 $aEconomic development 606 $aRevenue 606 $aFactory and trade waste 606 $aGovernment corporations 606 $aShipping 606 $aMerchant ships 606 $aIndustrial efficiency 606 $aPublic administration 606 $aPublic contracts 606 $aShips$xRegistration and transfer 606 $aShips$xNationality 606 $aShipbuilding 606 $aShipyards 606 $aFinancial statements 608 $aLegislative materials.$2lcgft 615 0$aCompetition. 615 0$aEconomic development. 615 0$aRevenue. 615 0$aFactory and trade waste. 615 0$aGovernment corporations. 615 0$aShipping. 615 0$aMerchant ships. 615 0$aIndustrial efficiency. 615 0$aPublic administration. 615 0$aPublic contracts. 615 0$aShips$xRegistration and transfer. 615 0$aShips$xNationality. 615 0$aShipbuilding. 615 0$aShipyards. 615 0$aFinancial statements. 701 $aDavis$b Ewin Lamar$f1876-1949$pDemocrat (TN)$01406901 712 02$aUnited States.$bCongress.$bHouse.$bSelect Committee To Investigate the Operations of the United States Shipping Board and the United States Shipping Board Emergency Fleet Corporation. 801 0$bWYU 801 1$bWYU 801 2$bOCLCO 906 $aBOOK 912 $a9910716119003321 996 $aInquiry into operations, policies, and affairs of United States Shipping Board and Emergency Fleet Corporation. Report of the Select Committee of Inquiry into operations, policies and affairs and United States Shipping Board and Emergency Fleet Corporation, House of Representatives Sixty-eighth Congress. Under authority of H. Res. 186, adopted March 4, 1924, and H. Res. 212, adopted March 18, 1924, Sixty-eighth Congress$93514372 997 $aUNINA